Guess the friend megaquiz <3 (easy) - Statistics

General Stats
  • This quiz has been taken 3 times
  • The average score is 2 of 100
Answer Stats
Q's Ansers % Correct
BONUS QUESTIONS ABOUT ME!!!!! abcdefjhijklmnopqrstuvwxyz
100%
Who is pink haired harry? Ash
33%
Who knew someone who had a crush on me BY NAME? Ethan EggOlive Chazbaz
33%
Who is my favorite? Ha you thought
33%
Who describes Cedric as gross when asked what the purpose was behind one of their lines? Josh
33%
Who did I send a really weird 5 minute crafts video to over 2023 summer? Addy (both of them)
0%
Who is the hot one? | Who was Heather Duke for the thespy's candy store performance? Addy (Keeling)
0%
Who's the first upperclassman that I met (before school started)? Addy (Smith)
0%
Who gives donuts to all Freshman that get a ride with him? Aidan
0%
Who is spongebob's house (added by a Pinapplist)? Akiko
0%
Who is super pretty with a loyal loving boyfriend but they won't accept it? Alex <3
0%
Who made a powerpoint rating all the texts from a gc for their birthday? Alia
0%
Who is Lenore? Anna
0%
Who do I go long with during gym class? Aperva
0%
Which two walk together in the mornings? ApervaPalak
0%
Who is my favorite piece of furniture? | Who is the Abed to my Troy? Auden
0%
Who have I made 3 different nicknames for? AudenAashrita
0%
Who did I stalk with Isabel while they were on their date? | Who have I known for over 10 years? Avery
0%
Which artists do I have bracelets for? Beach BunnyOlivia Rodrigo
0%
Which artists do I have clothing of? BlondieNirvana Coldplay
0%
Who is the emo one with an emo boyfriend? Bryley
0%
Who is the most enthusiastic theatre kid I've ever met? Caufield
0%
Who's my fellow freshman drummer? Charley
0%
Who has the best giggle? Chloe
0%
Who wears all the muscle shirts? | Who's the weirdo that likes exercise (and running)? Claire
0%
Who gave me really nice jugs backstage SR? Clio
0%
Who was wearing a Penn State hoodie with a black skirt 2/8/2024? Crimson
0%
Who had the melodica? Demi
0%
Who plays Megan but is a superpuff? Devi
0%
What instruments do I play? DrumsBass
0%
Who is the shy one that gives me too many adorable gifts? Erin
0%
Who was told to be a more enthusiastic owl? Esmeralda
0%
Who is an egg? | Who makes the best weird faces? | Who showed up to school in the bougiest pajama pants in the entire world? Ethan
0%
Who is a band kid? Ethan Kennedy
0%
Who has the best outfits? EthanNik
0%
Who did I think hated me at the start of the year? Everyone
0%
Who makes the best kermits? Hailey
0%
What club did I want to join but eventually couldn't? HOSA
0%
Who is literally the personification of sunshine? Ine
0%
Who's emo? Isabel
0%
Who has a hoodie with the logo of a fruit company? Isabel (dole)
0%
What's my least favorite month? January
0%
Which techie did I flirt with backstage? Jessica
0%
Who's lowkey a b!+ch? Kenzie (kangas)
0%
Who looks mean but is actually really nice? Kenzie (sorum)
0%
Which TV show characters made me want to play drums? Lane Kim Gilmore girlsRodrick Hefley
0%
Which band did I describe as having a lot of testosterone? Led Zeppelin
0%
Who is a pineapplist? LeilaShivani
0%
Who is an alpha male? Liam T
0%
Who is a literal baby? Linnea
0%
Who's a scientist (or looks like one)? Lyra/Cipher
0%
Who's my favorite popular girl from LA/SS? Maddie (sorry Lauren and Sophie)
0%
"If your grades don't touch, neither should you" - _____ Maria
0%
Who gives me hugs in the hallways? Marina
0%
Who are the 3 Ethans? MelekianHughes Eglip
0%
What are the 3 bands I have been in so far? Mike's 20190's Grunge Led Zeppelin
0%
Who are the traitors to the Drama Kids? Milo (Not Stuart)Maria
0%
Who is the one that all my freshman girlies have had a crush on? Milo (Stuart)
0%
Who's my favorite teacher? MizunoMajor Wold
0%
Who can make the most perfect yoshi sound? Myles
0%
Who makes too many jokes about killing themselves? Nat
0%
Who were my fellow chimney sweeps? NatDemi Erilyn Thea
0%
Who is the shortest (in my heart)? Natぐぷたさん
0%
Who led the meeps against me in elementary school? Nicolet
0%
Who is Alastor's #1 fan? Nik
0%
Who knows a crush of mine BY NAME? Olive
0%
Bella and Zara? Palak and Muskaan
0%
Who are the people in my 4/5 LASS who I think are secretly in love? Pranay and Nathan
0%
What productions was I a part of? Puffs Something Rotten
0%
Who's just a silly little guy? Rohan
0%
Who worked at the haunted house w/ me? Ryan
0%
Who did I think was mean at first and when I found out they were really nice I felt bad for months? Sambriddhi
0%
Who is the crush of my mutual friend of Shivani? Sarah
0%
Who were the girls flag football players that I really wanted to impress during SR? SarahChabot
0%
Who is the only anime nerd that I have seen dress stylishly? SarahNat
0%
Who is the best singer? Sarah (Hiciano)
0%
"Dear Admin, ______ again." Sarah Hiciano
0%
Who is too nice for their own good? | Who knows all my classes by heart? | Who's the one who's going to go get into every college they apply to? Shivani
0%
Who's the best stage manager? SkyLou
0%
Who lost their chameleon stuffed animal during said stalking? | Who's the one who made monkey brain mushroom soup in 5th grade? Sophia
0%
Who were my fellow clowns (use clown names) StripesJingles Pompom
0%
Who suffers through HBIO with me? TanyaMaika Charley Rohan Neha
0%
Who's just finching around? Tom
0%
Who has a my favorite silly dance? TopherEthan Hughes Claire
0%
Who was a lead in my school play when I was in 3rd grade that I really wanted to be friends with? Trisha
0%
Who is the samba dancer? Veronika
0%
Who is Vinn Diesel? Vinn
0%
Who is the 6th period couple? Vinn and Irene
0%
Who are my favorite duo in Puffs? Yaz and Shreya
0%
Who has 15 Hawaiian shirts? Zenith
0%
Who helped me at Redbarn for set building? Zoe
0%
No matching quizzes found
Score Distribution
Percent of People with Each Score
Percentile by Number Answered
Your Score History
You have not taken this quiz